Jews among muslims : communities in the precolonial Middle East
Αποθηκεύτηκε σε:
| Άλλοι συγγραφείς: | , |
|---|---|
| Μορφή: | Βιβλίο |
| Γλώσσα: | English |
| Δημοσίευση: |
London :
Macmillan Press,
c1996
|
| Θέματα: | |
| Ετικέτες: |
Προσθήκη ετικέτας
Δεν υπάρχουν, Καταχωρήστε ετικέτα πρώτοι!
|
MARC
| LEADER | 00000nam a2200000 i 4500 | ||
|---|---|---|---|
| 001 | 1/26234 | ||
| 008 | 981216s1996 eng d | ||
| 020 | |a 0-333-62655-9 | ||
| 035 | |l 10037531 | ||
| 040 | |a GR-MY-UA |b gre |e aacr | ||
| 041 | 0 | |a eng | |
| 082 | 0 | |a 956.004924 | |
| 245 | 1 | 0 | |a Jews among muslims : |b communities in the precolonial Middle East / |c edited by Slomo Deshen and Walter P. Zenner |
| 260 | |a London : |b Macmillan Press, |c c1996 | ||
| 300 | |a 292 p. | ||
| 500 | |a The present book incorporates several of the articles which appeared in Jewish Societies in the Middle East. These have been edited and abridged and we have added new articles | ||
| 504 | |a Includes bibliographical references and index | ||
| 650 | 0 | 0 | |a Jews |z Arab countries. |
| 651 | 0 | |a Arab countries |x Ethnic relations. | |
| 700 | 1 | |a Deshen, Shlomo A. |4 edt | |
| 700 | 1 | |a Zenner, Walter P. |4 edt | |
| 852 | |a INST |b LESVOS |e 19981216 |h 956.004924 JEW |p 005100017886 |q 005100017886 |t BK |y 0 | ||
| 901 | |a BIBL-1998-3 | ||
| 909 | |a Λ |b 059596 | ||
| 922 | |a 1ΕΛΗ |b 199809 |c ΚΠΣ/ΤΚΑ |d ΠΑΠΑΣΩΤΗΡΙΟΥ | ||